Umiesz odpowiedzieć na finałowe pytania z "Postaw na Milion"? - Statystyki

Ogólne statystyki
  • Ten quiz został rozwiązany 1 428 razy
  • Średni wynik to 5 z 10
Statystyki odpowiedzi
Zagadnienie Odpowiedź % Poprawnych
Zgodnie z regułami polskiej ortografii "nie" z czasownikami pisze się: Rozdzielnie
80%
Czy niedźwiedzie polarne polują na pingwiny? Nie
75%
Kiedy sieje się zboża ozime? Jesienią
68%
Pierwszy oznaczony kodem kreskowym towar, który przeszedł przez kasę z czytnikiem w supermarkecie to: Guma do żucia
56%
Zgodnie z regułami savoir vivre dżentelmen ubrany w czarny frak pod szyją zawiąże na szyi: Białą muszkę
53%
Jak długo trasę z Warszawy do Poznania pokonuje dźwięk? 13 min. 40 sek.
39%
Która z tych statuetek jest cięższa? Oscar
37%
Większość żyjących na świecie ludzi jest: Przed trzydziestką
36%
Czego było więcej w 2011 roku? Przyjazdów cudzoziemców do Polski
22%
Który z tych serwisów stał się wcześniej dostępny internautom? Allegro
17%
Nie znaleziono quizów pasujących do podanych kryteriów
Rozkład punktacji
Procent ludzi z każdym wynikiem
Percentyl według liczby udzielonych odpowiedzi
Twoja historia wyników
Nie rozwiązałeś tego quizu